MARC

LEADER 00000nam0a2200000 4500
001 372374
005 20231102012453.0
035 |a (RuTPU)RU\TPU\retro\29797 
035 |a RU\TPU\book\304691 
090 |a 372374 
100 |a 20221214d1967 k y0rusy50 ca 
101 0 |a rus 
102 |a RU 
105 |a a z 001zy 
200 1 |a Юрские отложения запада Средней Азии и их нефтегазоносность  |f Н. А. Крылов, А. К. Мальцева  |g Академия наук СССР (АН СССР), Институт геологии и разработки горючих ископаемых (ИГиРГИ) 
210 |a Москва  |c Наука  |d 1967 
215 |a 164 с.  |c ил. 
320 |a Библиогр.: с. 157-163. 
606 1 |a Юрские отложения  |2 stltpush  |3 (RuTPU)RU\TPU\subj\21540  |9 46509 
610 1 |a Средняя Азия 
610 1 |a нефтегазоносность 
610 1 |a стратиграфия 
610 1 |a разрезы 
610 1 |a типы 
610 1 |a характеристика 
610 1 |a литофации 
610 1 |a структурное развитие 
675 |a 551.762  |v 3 
700 1 |a Крылов  |b Н. А.  |g Николай Алексеевич 
701 1 |a Мальцева  |b А. К.  |g Алиса Константиновна 
712 0 2 |a Академия наук СССР (АН СССР)  |b Институт геологии и разработки горючих ископаемых (ИГиРГИ)  |c (Москва)  |c (1958-????)  |2 stltpush  |3 (RuTPU)RU\TPU\col\13483 
801 1 |a RU  |b 63413507  |c 20150117 
801 2 |a RU  |b 63413507  |c 20221214  |g RCR 
942 |c BK